000 00874nam a2200277 i 4500
003 DO-SdBNP
005 20240813085826.0
007 ta
008 240812b2015 mx ||||| |||| 00| 0 spa d
020 _a9786071621337
040 _aDO-SdBNP
_bspa
_cBNPHU
_erda
082 4 _bA698d
_222
100 1 _aAridjis, Chloe,
_eautor
_986316
_d1971-
245 1 0 _aDesgarrado /
_cChloe Aridjis ; traducción, Julio Paredes
264 _aMéxico :
_bFondo de Cultura Económica,
_c2015.
300 _a189 páginas
_c21 cm.
336 _2rdacontent
_atexto
_btxt
337 _2rdamedia
_asin mediación
_bn
338 _2rdacarrier
_avolumen
_bnc
490 _aLetras Mexicanas
500 _aIncluye datos biográficos del autor en la solapa de la cubierta
590 _aInventariado, 2024/BT
700 1 _aParedes, Julio,
_etraductor
_924123
910 _aBtavárez
942 _2ddc
_cLBS1
999 _c57415
_d57415